000 01165cam a22001814a 4500
005 20250605163659.0
008 250528s ||||||||||||||||||||||||d
035 _a24189
020 _a9282624706
040 _aGR-AtMCL
_bgre
_dGR-AtMCL
_eAACR2
245 1 _aΗ Ευρωπαϊκή Κοινότητα 1992 και Μετά
260 _bΔιοικητική Μονάδα 'Εκδόσεις'
_bΕπιτροπή Των Ευρωπαϊκών Κοινοτήτων,
_c1991
300 _a36
520 _aΗ Ευρώπη στο Δρόμο της Ένωσης, Η Κοινότητα της Δεκαετίας του '90, Θεμελιώδη Κοινωνικά Δικαιώματα των Εργαζομένων, Στο Κατώφλι της Πολιτικής Κοινότητας, Όργανα και Θεσμοί, Εσωτερική Αγορά και Οικονομική και Νομισματική Ένωση, Όργανα και Θεσμοί, Εσωτερική Αγορά και Οικονομική και Νομισματική Ένωση, Βασικοί Όροι, Βιβλιογραφία.
942 _cCR
999 _c9084
_d9084